Vampirella: Strikes #5 /

Receiving aid from the most unexpected of places, Vampirella and Janus are back on the trail of the missing angel general as the mystery of what sent the divine military leader into hiding is revealed. Who are the mysterious children that Evanuel has sworn to protect, and what do they have to do wit...

Full description

Bibliographic Details
Corporate Author: Library Pass, LLC
Other Authors: Sniegoski, Tom (writer.)
Format: eBook
Language:English
Published: [United States] : Dynamite, 2013.
Subjects:
Online Access:Connect to this electronic book (First time users create your free account)

MARC

Tag First Indicator Second Indicator Subfields
LEADER 00000nmm a22000001a 4500
001 in00004624708
006 m|||||o||m||||||||
007 cr|cn |||uuuuu
008 221118s2013 xxu||||eo|||| ||||||eng d
005 20221207221114.0
035 |a (TxWaIVM)IV24088DyVa 
040 |a TxWaIVM  |c TxWaIVM 
245 0 0 |a Vampirella: Strikes #5 /  |c powered by Library Pass. 
260 3 |a [United States] :  |b Dynamite,  |c 2013. 
300 |a 1 online resource. 
336 |a text  |b txt  |2 rdacontent 
337 |a computer  |b c  |2 rdamedia 
338 |a online resource  |b cr  |2 rdacarrier 
520 |a Receiving aid from the most unexpected of places, Vampirella and Janus are back on the trail of the missing angel general as the mystery of what sent the divine military leader into hiding is revealed. Who are the mysterious children that Evanuel has sworn to protect, and what do they have to do with the eventual extinction of the angelic species? And, what terrible fate has befallen the customers of the Club Switzerland? All will be revealed in the thrilling, penultimate issue of the On the Side of Angels story line. 
521 |a 3 
538 |a Requires a valid library card and registration for new users. 
538 |a Mode of access: World Wide Web. 
538 |a System requirements: Flash 10.1 or higher, Windows XP and higher, Internet Explorer 7 and higher, Firefox 3.6 and higher, Google Chrome; Max OS 10.5 and higher, Safari 4 and higher. 
650 0 |a Comic books, strips, etc. 
655 7 |a Electronic books.  |2 local 
655 7 |a Comic books, strips, etc.  |2 gsafd 
650 0 |a Fantasy comic books, strips, etc. 
655 7 |a Fantasy comic books, strips, etc.  |2 gsafd 
650 0 |a Horror comic books, strips, etc. 
655 7 |a Horror comic books, strips, etc.  |2 gsafd 
700 1 |a Sniegoski, Tom.  |e writer. 
700 1 |a D., Johnny.  |e artist. 
710 2 |a Library Pass, LLC. 
856 4 0 |u http://proxy.library.tamu.edu/login?url=https://tamu.librarypass.com/product/com.iversecomics.dynamite.vampirella.strikes.five.04242013  |z Connect to this electronic book (First time users create your free account)  |t 0 
955 |a Comics Plus. 
999 f f |s 43d634fb-065a-4858-9664-d583d8085e74  |i 883d94be-6ad2-4a12-a15f-cc73ab290166  |t 0 
952 f f |a Texas A&M University  |b College Station  |c Electronic Resources  |d Available Online  |t 0  |h Library of Congress classification 
998 f f |t 0  |l Available Online